| 000 | 00786nam a2200241 a 4500 | ||
|---|---|---|---|
| 001 | BRCA_348 | ||
| 005 | 20190320202953.0 | ||
| 008 | 880808s1988 kyua b 001 0 eng | ||
| 040 |
_aDLC _cDLC _dDLC |
||
| 050 | 4 |
_aNK4215 _b.L36 1988 |
|
| 100 | 1 |
_aLehner, Lois _91157 |
|
| 240 | 1 | 0 | _aEncyclopedia of U.S. Marks on Pottery, Porcelain & Clay |
| 245 | 1 | 0 |
_aLehner´s encyclopedia of U.S. marks on pottery, porcelain & clay _cLois Lehner. |
| 260 |
_aPaducah, Kentucky _bCollector Books _c1988 |
||
| 300 |
_a634 p. _bil. _c29 cm. |
||
| 500 | _aIncluye índice | ||
| 500 | _aDonación Consejo Británico | ||
| 504 | _aBibliografía: p. 588-600 | ||
| 650 | 1 | 4 |
_aCerámica _xMarcas _zEstados Unidos _91158 |
| 650 | 1 | 4 |
_aPorcelana _xMarcas _zEstados Unidos _91159 |
| 902 | _aDCB | ||
| 942 |
_2lcc _cB |
||
| 999 |
_c285 _d285 |
||